R (on the application of Leeside International Inc and Mr MJ Hunt) v London Borough of Tower Hamlets and South Quay Properties Limited (Record no. 81333)
[ view plain ]
| 000 -LEADER | |
|---|---|
| fixed length control field | 02320cad a22002655a 4500 |
| 001 - CONTROL NUMBER | |
| control field | L146952 |
| 008 - FIXED-LENGTH DATA ELEMENTS--GENERAL INFORMATION | |
| fixed length control field | 090318e20080302xxk f v 000 0 eng d |
| 035 ## - SYSTEM CONTROL NUMBER | |
| System control number | (Sirsi) u146952 |
| 041 0# - LANGUAGE CODE | |
| Language code of text/sound track or separate title | eng |
| 245 04 - TITLE STATEMENT | |
| Title | R (on the application of Leeside International Inc and Mr MJ Hunt) v London Borough of Tower Hamlets and South Quay Properties Limited |
| Medium | [electronic resource] |
| 260 ## - PUBLICATION, DISTRIBUTION, ETC. | |
| Date of publication, distribution, etc. | 2009 |
| 520 ## - SUMMARY, ETC. | |
| Summary, etc. | [2009] EWHC 325 (Admin), 02 March 2009. The case turns around the authorisation of the making of a Compulsory Purchase Order (CPO) by London Borough of Tower Hamlets' Cabinet. Leeside International Inc (L) has a long leasehold interest on 7 Heron Quays and MJ Hunt (H) on 8 Heron Quays, Canary Wharf, in the London Borough of Tower Hamlets (B). South Quays Properties Limited (S) is the company used by Canary Wharf Group (C) to carry out the development of the area. In 1992, planning permission was granted for construction of part of Heron Quays. In 2008, planning permission was given for development which incorporated 7 and 8 Heron Quays. In May 2008, B's cabinet issued a Compulsory Purchase Order (CPO) to acquire 7 and 8 Heron Quays. The CPO is not yet issued. L and H are looking for judicial review against this decision of authorising the making of a CPO. "Held": The CPO is properly justified by section 226. This case bears no circumstances justifying the Court being asked to intervene before the making of the CPO or before confirmation. Permission to proceed is refused. |
| 590 ## - LOCAL NOTE (RLIN) | |
| Local note | KA |
| 650 24 - SUBJECT ADDED ENTRY--TOPICAL TERM | |
| Topical term or geographic name entry element | R (ON THE APPLICATION OF LEESIDE INTERNATIONAL INC AND ANOTHER) V LONDON BOROUGH OF TOWER HAMLETS AND ANOTHER |
| 650 24 - SUBJECT ADDED ENTRY--TOPICAL TERM | |
| Topical term or geographic name entry element | OXTON FARMS V SELBY DISTRICT COUNCIL |
| 650 24 - SUBJECT ADDED ENTRY--TOPICAL TERM | |
| Topical term or geographic name entry element | R V CAMDEN LONDON BOROUGH COUNCIL EX PARTE COMYN CHING & CO (LONDON) LTD |
| 650 24 - SUBJECT ADDED ENTRY--TOPICAL TERM | |
| Topical term or geographic name entry element | POINTE GOURDE QUARRYING AND TRANSPORT CO LTD V CROWN LANDS SUPERINTENDENT |
| 650 24 - SUBJECT ADDED ENTRY--TOPICAL TERM | |
| Topical term or geographic name entry element | R V CORNWALL CC EX P HUNTINGTON |
| 650 24 - SUBJECT ADDED ENTRY--TOPICAL TERM | |
| Topical term or geographic name entry element | R V DEVON COUNTY COUNCIL EX PARTE ISAAC AND ANOTHER |
| 650 24 - SUBJECT ADDED ENTRY--TOPICAL TERM | |
| Topical term or geographic name entry element | TOWN AND COUNTRY PLANNING ACT 1990 |
| 651 #4 - SUBJECT ADDED ENTRY--GEOGRAPHIC NAME | |
| Geographic name | England and Wales |
| Chronological subdivision | 1543- |
| 690 ## - LOCAL SUBJECT ADDED ENTRY--TOPICAL TERM (OCLC, RLIN) | |
| Topical term or geographic name as entry element | ENVIRONMENTAL AND LAND CONSULTANCY-PLANNING AND DEVELOPMENT-COMPULSORY PURCHASE AND COMPENSATION |
| 856 40 - ELECTRONIC LOCATION AND ACCESS | |
| Uniform Resource Identifier | <a href="https://www.bailii.org/ew/cases/EWHC/Admin/2009/325.html">https://www.bailii.org/ew/cases/EWHC/Admin/2009/325.html</a> |
| Public note | View the case free of charge at www.bailli.org... |
| 942 ## - ADDED ENTRY ELEMENTS (KOHA) | |
| Suppress in OPAC | 0 |
| Withdrawn status | Lost status | Source of classification or shelving scheme | Damaged status | Not for loan | Home library | Current library | Shelving location | Date acquired | Total Checkouts | Full call number | Barcode | Date last seen | Copy number | Price effective from | Koha item type |
|---|---|---|---|---|---|---|---|---|---|---|---|---|---|---|---|
| Dewey Decimal Classification | Virtual | Virtual | Online | 18/03/2009 | ONLINE PUBLICATION | 146952-2001 | 06/08/2019 | 1 | 06/08/2019 | Law report |